شقاوة أرنب / (رقم التسجيلة. 123701)
[ عرض عادي ]
| 000 -LEADER | |
|---|---|
| fixed length control field | 00611nam a22001937a 4500 |
| 005 - DATE AND TIME OF LATEST TRANSACTION | |
| control field | 20251108175013.0 |
| 008 - FIXED-LENGTH DATA ELEMENTS--GENERAL INFORMATION | |
| fixed length control field | 250721s2006 xx 000 0 ara d |
| 082 14 - DEWEY DECIMAL CLASSIFICATION NUMBER | |
| Classification number | ط/ق/شاف |
| 100 1# - MAIN ENTRY--PERSONAL NAME | |
| Personal name | الشافعي، متولي |
| 245 10 - TITLE STATEMENT | |
| Title | شقاوة أرنب / |
| 264 1# - PRODUCTION, PUBLICATION, DISTRIBUTION, MANUFACTURE, AND COPYRIGHT NOTICE | |
| Place of production, publication, distribution, manufacture | الاسكندرية : |
| Name of producer, publisher, distributor, manufacturer | العلم والإيمان للنشر، |
| Date of production, publication, distribution, manufacture, or copyright notice | 2006. |
| 300 ## - PHYSICAL DESCRIPTION | |
| Extent | 16ص. |
| 490 0# - SERIES STATEMENT | |
| Series statement | سلسلة من اروع القصص |
| 650 17 - SUBJECT ADDED ENTRY--TOPICAL TERM | |
| Topical term or geographic name as entry element | أدب الاطفال |
| 650 17 - SUBJECT ADDED ENTRY--TOPICAL TERM | |
| Topical term or geographic name as entry element | القصص العربية |
| 653 ## - INDEX TERM--UNCONTROLLED | |
| Uncontrolled term | مرحلة ما قبل المدرسة (0-5) سنوات |
| 942 ## - ADDED ENTRY ELEMENTS (KOHA) | |
| Source of classification or shelving scheme | Dewey Decimal Classification |
| Koha item type | كتب |
| حالة السحب | حالة الفقدان | مصدر التصنيف | حالة التلف | غير قابل للإعارة | المكتبة الرئيسية | المكتبة الحالية | موقع الرف | تاريخ التزويد | الرقم المتسلسل | Total Checkouts | رقم الإستدعاء | الباركود | تاريخ آخر ظهور | تاريخ الفاتورة | نوع المادة (كوها) |
|---|---|---|---|---|---|---|---|---|---|---|---|---|---|---|---|
| Dewey Decimal Classification | المكتبة المركزية | المكتبة المركزية | مقتنيات قسم التزويد | 28/07/2025 | 1489367 | ط/ق/شاف | 28/07/2025 | 28/07/2025 | كتب | ||||||
| Withdrawn | Dewey Decimal Classification | مكتبة قتيبة للأطفال | مكتبة قتيبة للأطفال | الأطفال | 23/07/2011 | 1445921 | ط/ق/شاف | PLD00216015 | 28/07/2025 | 23/07/2011 | كتب | ||||
| Dewey Decimal Classification | مكتبة أم المؤمنين للأطفال | مكتبة أم المؤمنين للأطفال | الأطفال | 23/07/2011 | 1445906 | ط/ق/شاف | PLD00216011 | 28/07/2025 | 23/07/2011 | كتب | |||||
| Dewey Decimal Classification | مكتبة الأميرة ايمان العامة | مكتبة الأميرة ايمان العامة | الأطفال | 23/07/2011 | 1445866 | ط/ق/شاف | PLD00216004 | 28/07/2025 | 23/07/2011 | كتب | |||||
| Dewey Decimal Classification | مكتبة البيادر | مكتبة البيادر | الأطفال | 23/07/2011 | 1445946 | ط/ق/شاف | PLD00216020 | 28/07/2025 | 23/07/2011 | كتب | |||||
| Dewey Decimal Classification | مكتبة الراية الهاشمية للأطفال | مكتبة الراية الهاشمية للأطفال | الأطفال | 23/07/2011 | 1445936 | ط/ق/شاف | PLD00216018 | 28/07/2025 | 23/07/2011 | كتب | |||||
| Dewey Decimal Classification | مكتبة الياسمين للأطفال | مكتبة الياسمين للأطفال | الأطفال | 23/07/2011 | 1445926 | ط/ق/شاف | PLD00216016 | 28/07/2025 | 23/07/2011 | كتب | |||||
| Dewey Decimal Classification | مكتبة مؤتة | مكتبة مؤتة | الأطفال | 23/07/2011 | 1445951 | ط/ق/شاف | PLD00216021 | 28/07/2025 | 23/07/2011 | كتب |